[Event "Tata Steel-A 79th"]
[Site "Wijk aan Zee"]
[Date "2017.01.14"]
[Round "1"]
[White "So, Wesley"]
[Black "Carlsen, Magnus"]
[Result "1/2-1/2"]
[WhiteElo "2808"]
[BlackElo "2840"]
[Annotator "ChessBase II"]
[PlyCount "65"]
[EventDate "2017.01.14"]
[EventType "tourn"]
[EventRounds "13"]
[EventCountry "NED"]
[EventCategory "21"]
[SourceTitle "CBM 177"]
[Source "ChessBase"]
[SourceDate "2017.03.16"]
[SourceVersion "1"]
[SourceVersionDate "2017.03.16"]
[SourceQuality "1"]
[TimeControl "40/6000+30:20/3000+30:900+30"]

1. d4 {[%emt 0:00:00]} d5 {[%emt 0:00:10]} 2. c4 {[%emt 0:00:00]} c6 {[%emt 0:00:06]} 3. Nf3 {[%emt 0:00:14]} Nf6 {[%emt 0:00:08]} 4. e3 {[%emt 0:00:40]} Bf5 {[%emt 0:02:24]} 5. Nc3 {[%emt 0:00:19]} a6 {[%emt 0:00:09]} 6. Ne5 {[%emt 0:09:36]} Nbd7 {[%emt 0:00:24]} 7. Qb3 {[%emt 0:01:43]} Qc7 {[%emt 0:00:06]} 8. cxd5 {[%emt 0:03:51]} Nxe5 {[%emt 0:00:06]} 9. dxe5 {[%emt 0:00:05]} Nxd5 {[%emt 0:00:04]} 10. Nxd5 {[%emt 0:00:34]} cxd5 {[%emt 0:00:02]} 11. Bd2 {[%emt 0:00:08]} Qxe5 {[%emt 0:00:20]} 12. Bc3 {[%emt 0:01:21]} Qc7 {[%emt 0:01:18]} 13. Qxd5 {[%emt 0:01:16]} e6 {[%emt 0:07:10]} 14. Qc4 $146 {[%emt 0:17:54]} (14. Qd4 Rd8 15. Qa4+ Qd7 16. Qxd7+ Rxd7 17. f3 f6 18. e4 Bg6 19. Bc4 Bf7 20. e5 Be7 21. Ke2 fxe5 22. Bxe5 Bf6 23. Bxf6 gxf6 24. Rhd1 Rg8 25. g3 Rg5 26. Rxd7 Kxd7 27. Rd1+ Ke7 28. b4 Rg8 29. Rd4 Rc8 30. Rh4 Bg6 31. a4 e5 32. Bd3 b5 33. axb5 axb5 34. Bxb5 Rc2+ 35. Kd1 Rb2 36. Ba4 e4 37. fxe4 Rxb4 38. Bc2 f5 39. Kd2 fxe4 40. Kc3 Rb6 41. Bxe4 Bxe4 42. Rxe4+ Kf6 43. Rh4 Kg6 {Kovalenko,I (2667)-Andreikin,D (2733) Poikovsky 2016 ½-½}) 14... Qxc4 {[%emt 0:02:49]} 15. Bxc4 {[%emt 0:00:05]} Rc8 {[%emt 0:00:30]} 16. Bb3 {[%emt 0:07:53]} Be7 {[%emt 0:11:51]} 17. Ke2 {[%emt 0:04:54]} Be4 {[%emt 0:02:58]} 18. Bxg7 $146 {[%emt 0:14:53]} ({RR} 18. f3 Bc6 19. Rac1 O-O 20. Rhd1 Rfd8 21. Rxd8+ Rxd8 22. Ba5 Rc8 23. Rc2 Bb5+ 24. Kf2 Rxc2+ 25. Bxc2 Bc6 {½-½ (25) Huber,M (2356)-Kreisl,R (2448) Austria 2017}) 18... Rg8 {[%emt 0:00:05]} 19. Be5 {[%emt 0:00:05]} Rxg2 {[%emt 0:01:16]} 20. Rac1 {[%emt 0:06:33]} Rxc1 {[%emt 0:00:14]} 21. Rxc1 {[%emt 0:00:03]} Rg5 {[%emt 0:00:30]} 22. Bf4 {[%emt 0:01:32]} Rc5 {[%emt 0:00:08]} 23. Rxc5 {[%emt 0:00:05]} Bxc5 {[%emt 0:00:02]} 24. Bc4 {[%emt 0:00:07]} b5 {[%emt 0:00:22]} 25. Bd3 {[%emt 0:00:04]} Bxd3+ {[%emt 0:00:08]} 26. Kxd3 {[%emt 0:00:04]} f5 {[%emt 0:00:10]} 27. f3 {[%emt 0:00:04]} Kd7 {[%emt 0:00:06]} 28. e4 {[%emt 0:00:06]} Kc6 {[%emt 0:00:15]} 29. h3 {[%emt 0:00:06]} h5 {[%emt 0:00:23]} 30. b3 {[%emt 0:00:05]} Bb6 {[%emt 0:00:11]} 31. Be5 {[%emt 0:00:03]} Bc5 {[%emt 0:00:11]} 32. Bf4 {[%emt 0:00:04]} Bb6 {[%emt 0:00:06]} 33. Be5 {[%emt 0:00:02]} 1/2-1/2

[Event "Tata Steel-A 79th"]
[Site "Wijk aan Zee"]
[Date "2017.01.16"]
[Round "3"]
[White "Andreikin, Dmitry"]
[Black "Carlsen, Magnus"]
[Result "1/2-1/2"]
[WhiteElo "2736"]
[BlackElo "2840"]
[Annotator "ChessBase II"]
[PlyCount "53"]
[EventDate "2017.01.14"]
[EventType "tourn"]
[EventRounds "13"]
[EventCountry "NED"]
[EventCategory "21"]
[SourceTitle "CBM 177"]
[Source "ChessBase"]
[SourceDate "2017.03.16"]
[SourceVersion "1"]
[SourceVersionDate "2017.03.16"]
[SourceQuality "1"]
[TimeControl "40/6000+30:20/3000+30:900+30"]

1. d4 {[%emt 0:00:00]} Nf6 {[%emt 0:01:15]} 2. c4 {[%emt 0:00:18]} e6 {[%emt 0:00:37]} 3. Nf3 {[%emt 0:00:22]} d5 {[%emt 0:00:08]} 4. g3 {[%emt 0:00:14]} Bb4+ {[%emt 0:00:17]} 5. Bd2 {[%emt 0:00:07]} Bd6 {[%emt 0:00:09]} 6. Bg2 {[%emt 0:01:14]} O-O {[%emt 0:02:27]} 7. O-O {[%emt 0:00:29]} Nbd7 {[%emt 0:01:16]} 8. Qc2 {[%emt 0:00:58]} c6 {[%emt 0:00:18]} 9. Bf4 {[%emt 0:02:39]} Bxf4 {[%emt 0:01:19]} 10. gxf4 {[%emt 0:00:07]} b6 {[%emt 0:04:12]} 11. Ne5 {[%emt 0:00:20]} Nxe5 $146 {[%emt 0:13:40]} (11... c5 12. dxc5 Nxc5 13. Nc3 Bb7 14. Rfd1 Rc8 15. Rd4 Qe7 16. Rad1 dxc4 17. Bxb7 Nxb7 18. Rd7 Nxd7 19. Rxd7 Qh4 20. Rxb7 Qxf4 21. Nf3 Rc7 22. Rxc7 Qxc7 23. Ng5 g6 24. Qe4 h6 25. Nf3 a6 26. Qe3 Kg7 27. Ne5 b5 28. Ng4 g5 29. Ne4 Qf4 30. Qh3 h5 31. Ngf6 Rh8 32. Qc3 e5 33. Qb4 Rh6 34. Ne8+ Kg8 35. N8d6 h4 36. h3 g4 37. e3 Qf3 38. Qc5 Rg6 39. Qc8+ Kh7 40. Kh2 g3+ {0-1 (40) Bacrot,E (2709)-Adams,M (2682) England 2010}) ({RR} 11... c5 12. dxc5 Nxc5 13. Nc3 Bb7 14. Rfd1 Rc8 15. Rd4 Qe7 16. Rad1 dxc4 17. Bxb7 Nxb7 18. Rd7 Nxd7 19. Rxd7 Qh4 20. Rxb7 Qxf4 21. Nf3 Rc7 22. Rxc7 Qxc7 23. Ng5 g6 24. Qe4 h6 25. Nf3 a6 26. Qe3 {Bacrot,E (2709)-Adams,M (2704) England 2010 0-1 (40)}) 12. fxe5 {[%emt 0:01:19]} ({RR} 12. dxe5 Ng4 13. e3 a5 14. Rd1 Ba6 15. Nd2 Rc8 16. Rac1 Qh4 17. Nf3 Qh5 18. cxd5 cxd5 19. Qd2 Nh6 20. Rxc8 Rxc8 21. Rc1 Rb8 22. Rc7 Qf5 23. Qc1 g6 24. Nd4 Qd3 25. Rc3 {1-0 (25) Ferreira,E (1810)-Serarols Mabras,B (2313) Silves POR 2025}) 12... Ng4 {[%emt 0:00:18]} 13. Nd2 {[%emt 0:08:50]} Ba6 {[%emt 0:02:51]} 14. cxd5 $146 {[%emt 0:10:39]} ({RR} 14. Rac1 Rc8 15. Qc3 Bxc4 16. Nxc4 dxc4 17. Qxc4 c5 18. h3 Nh6 19. Rfd1 cxd4 20. Qxc8 Qxc8 21. Rxc8 Rxc8 22. Rxd4 f6 23. exf6 gxf6 24. Rd6 Rc1+ 25. Kh2 Rc2 26. Rxe6 Rxb2 27. Rxf6 Kg7 28. Re6 Rxa2 {Gunina,V (2499)-Gaponenko,I (2428) Khanty-Mansiysk 2017 1-0 (58)}) 14... cxd5 {[%emt 0:00:55]} 15. Nf3 {[%emt 0:00:16]} Nh6 {[%emt 0:13:56]} 16. Bh3 {[%emt 0:08:15]} f5 {[%emt 0:01:54]} 17. Kh1 {[%emt 0:27:57]} Kh8 {[%emt 0:14:41]} 18. Rg1 {[%emt 0:00:22]} Nf7 {[%emt 0:01:12]} 19. Rg3 {[%emt 0:14:37]} Rc8 {[%emt 0:08:55]} 20. Qd2 {[%emt 0:00:10]} Qc7 {[%emt 0:02:37]} 21. Ne1 {[%emt 0:01:34]} Qe7 {[%emt 0:01:38]} 22. f4 {[%emt 0:03:39]} Rc7 {[%emt 0:01:36]} 23. Ra3 {[%emt 0:03:00]} Bb5 {[%emt 0:00:28]} 24. Rb3 {[%emt 0:00:15]} Ba6 {[%emt 0:01:03]} 25. Ra3 {[%emt 0:00:05]} Bb5 {[%emt 0:00:14]} 26. Rb3 {[%emt 0:00:05]} Ba6 {[%emt 0:05:50]} 27. Ra3 1/2-1/2

[Event "Tata Steel-A 79th"]
[Site "Wijk aan Zee"]
[Date "2017.01.20"]
[Round "6"]
[White "Aronian, Levon"]
[Black "Carlsen, Magnus"]
[Result "1/2-1/2"]
[WhiteElo "2780"]
[BlackElo "2840"]
[Annotator "ChessBase II"]
[PlyCount "60"]
[EventDate "2017.01.14"]
[EventType "tourn"]
[EventRounds "13"]
[EventCountry "NED"]
[EventCategory "21"]
[SourceTitle "CBM 177"]
[Source "ChessBase"]
[SourceDate "2017.03.16"]
[SourceVersion "1"]
[SourceVersionDate "2017.03.16"]
[SourceQuality "1"]
[TimeControl "40/6000+30:20/3000+30:900+30"]

1. d4 {[%emt 0:00:00]} d5 {[%emt 0:00:17]} 2. c4 {[%emt 0:00:00]} c6 {[%emt 0:00:04]} 3. Nc3 {[%emt 0:00:00]} Nf6 {[%emt 0:00:07]} 4. e3 {[%emt 0:00:00]} a6 {[%emt 0:00:11]} 5. Nf3 {[%emt 0:00:00]} Bf5 {[%emt 0:00:11]} 6. Be2 {[%emt 0:00:00]} h6 {[%emt 0:00:13]} 7. Qb3 {[%emt 0:00:03]} Ra7 {[%emt 0:00:08]} 8. cxd5 {[%emt 0:00:04]} cxd5 {[%emt 0:00:06]} 9. Ne5 {[%emt 0:01:01]} e6 {[%emt 0:00:06]} 10. Bd2 {[%emt 0:01:49]} Be7 {[%emt 0:01:34]} 11. O-O {[%emt 0:00:15]} O-O {[%emt 0:00:07]} 12. Rfc1 {[%emt 0:00:03]} Nfd7 {[%emt 0:10:26]} 13. Nxd7 {[%emt 0:00:07]} Qxd7 {[%emt 0:00:08]} ({RR} 13... Nxd7 14. Na4 Bd6 15. Nc5 Nxc5 16. dxc5 Bc7 17. Bf3 Qd7 18. Qc3 Rc8 19. b4 e5 20. g3 f6 21. a4 Be6 22. Qb2 Rca8 23. Bc3 Qf7 24. Rab1 b6 25. Bd2 Rb8 26. cxb6 Bxb6 27. b5 axb5 28. axb5 {Tan,J (2414)-Molina,R (2381) chess.com INT 2025 1-0 (47)}) 14. Na4 {[%emt 0:00:50]} Nc6 {[%emt 0:01:20]} 15. Qb6 $146 {[%emt 0:00:37]} (15. Nc5 Qc7 16. h3 Rc8 17. a4 Bd6 18. a5 Qe7 19. Bd3 Bxd3 20. Nxd3 Raa8 21. Rc2 Na7 22. Rac1 Rxc2 23. Rxc2 {½-½ (23) Le,Q (2702)-Vallejo Pons,F (2706) Tromsoe 2013}) ({RR} 15. Nc5 Qc7 16. h3 Rc8 17. a4 Bd6 18. a5 Qe7 19. Bd3 Bxd3 20. Nxd3 Raa8 21. Rc2 Na7 22. Rac1 Rxc2 23. Rxc2 {½-½ (23) Le,Q (2702)-Vallejo Pons,F (2706) Tromsoe 2013}) 15... Rfa8 {[%emt 0:11:04]} 16. Nc5 {[%emt 0:00:10]} Qc8 {[%emt 0:00:19]} 17. a3 {[%emt 0:01:55]} Bd6 {[%emt 0:08:40]} 18. g3 {[%emt 0:01:30]} Bc7 {[%emt 0:11:47]} 19. Qb3 {[%emt 0:00:07]} Qe8 {[%emt 0:01:50]} 20. Bf1 {[%emt 0:18:02]} Rb8 {[%emt 0:12:14]} 21. Qc3 {[%emt 0:06:21]} Bd8 {[%emt 0:06:53]} 22. Nxa6 {[%emt 0:05:34]} bxa6 {[%emt 0:00:03]} 23. Qxc6 {[%emt 0:00:12]} Qxc6 {[%emt 0:00:03]} 24. Rxc6 {[%emt 0:00:06]} Rxb2 {[%emt 0:00:04]} 25. Be1 {[%emt 0:00:08]} Be7 {[%emt 0:01:58]} 26. Rxa6 {[%emt 0:10:32]} Rab7 {[%emt 0:00:10]} 27. Rc6 {[%emt 0:00:17]} Rb1 {[%emt 0:00:08]} 28. Rc1 {[%emt 0:00:05]} Rxc1 {[%emt 0:00:06]} 29. Rxc1 {[%emt 0:00:04]} Bxa3 {[%emt 0:00:06]} 30. Ra1 {[%emt 0:00:07]} Rb1 {[%emt 0:00:24]} 1/2-1/2

[Event "Tata Steel-A 79th"]
[Site "Wijk aan Zee"]
[Date "2017.01.21"]
[Round "7"]
[White "Carlsen, Magnus"]
[Black "Giri, Anish"]
[Result "1/2-1/2"]
[WhiteElo "2840"]
[BlackElo "2773"]
[Annotator "Krasenkow,Michal"]
[PlyCount "245"]
[EventDate "2017.01.14"]
[EventType "tourn"]
[EventRounds "13"]
[EventCountry "NED"]
[EventCategory "21"]
[SourceTitle "CBM 177"]
[Source "ChessBase"]
[SourceDate "2017.03.16"]
[SourceVersion "1"]
[SourceVersionDate "2017.03.16"]
[SourceQuality "1"]

1. d4 Nf6 2. Nf3 d5 3. e3 e6 4. Bd3 c5 5. c3 b6 6. O-O Bb7 7. Nbd2 Be7 8. b3 {White plays a kind of "Anti-Meran 6.c2 d6 7.b3" with reversed colours. Of course, it is not too dangerous for Black.} ({RR} 8. Re1 O-O 9. e4 c4 10. Bc2 dxe4 11. Ng5 Qc7 12. Ndxe4 Nbd7 13. Nxf6+ Nxf6 14. Re3 g6 15. Rh3 Rad8 16. Nf3 b5 17. Ne5 Bd5 18. Bh6 Rfe8 19. Qc1 Qb7 20. f3 Nd7 21. Bg7 Bf8 22. Bxf8 Nxf8 {Nogueiras Santiago,J (2580)-Hjartarson,J (2605) Biel 1993 0-1 (45)}) 8... O-O 9. Bb2 Nbd7 10. Qe2 ({RR} 10. Qb1 Qc7 11. h3 Rad8 12. c4 cxd4 13. Nxd4 Nc5 14. Bc2 dxc4 15. Nxc4 Ba8 16. Qe1 b5 17. Nd2 Qb7 18. N2f3 Rd5 19. Rc1 Rh5 20. Qe2 Nce4 21. Bd3 Bc5 22. Bxb5 Qb6 {½-½ (22) Levin,G (2442)-Gorshtein,I (2565) Eilat ISR 2025}) 10... Bd6 $146 {A strange idea. This loss of a tempo was not forced at all.} (10... Qc7 {[%cal Ye6e5]} 11. c4 Rad8 12. Rac1 Rfe8 13. Rfd1 Bd6 {(now timely)} 14. cxd5 exd5 15. Ba6 Qc8 16. Bxb7 Qxb7 17. Qb5 a6 18. Qf1 h6 19. h3 Bb8 $11 {1/2 (33) Kaszowski,D (2283)-Barglowski,F (2335) Ustron 2004}) (10... Ne4 11. Rfd1 f5 (11... cxd4 12. exd4 Nxd2 13. Rxd2 Rc8 $11) 12. c4 a6 13. Nf1 Qe8 14. Ne5 Bh4 15. Ng3 Nxe5 16. dxe5 Bxg3 17. hxg3 Qg6 $13 {1-0 (43) Eliskases,E-Engels,L Bad Oeynhausen 1938}) ({RR} 10... Qc7 11. Rac1 e5 12. dxe5 Nxe5 13. Nxe5 Qxe5 14. Nf3 Qh5 15. h3 Rad8 16. Nh2 Qh4 17. Nf3 Qh6 18. Nh2 Ne4 19. Bxe4 dxe4 20. Rfd1 Qe6 21. Rxd8 Rxd8 22. Rd1 Rxd1+ 23. Qxd1 Qd5 24. Qxd5 Bxd5 25. c4 {Canizares Cuadra,P (2007)-Del Rio de Angelis,S (2502) Albacete 2004 0-1 (51)}) 11. c4 {This position arose in a number of games in which White's c4-pawn and Black's d6-bishop reached their positions in one go.} cxd4 (11... Ne4 12. cxd5 exd5 13. Ba6 Bxa6 14. Qxa6 Ndf6 (14... cxd4 15. Bxd4 Ndc5 16. Qe2 Re8 17. Rfd1 Qe7 18. Bb2 Ne6 19. Nf1 Rad8 20. Ng3 g6 21. Rac1 Ba3 22. Qc2 $14 {1/2 (60) Doettling,F (2360)-Vatter,H (2385) Karlsbad Auerbach 1998}) 15. h3 Re8 16. Rad1 Qe7 17. dxc5 Bxc5 18. Nxe4 dxe4 19. Nd4 Qe5 20. Rd2 Bd6 {1/2 (24) Koneru,H (2575)-Ushenina,A (2458) Hancheng 2016} 21. g3 $5) 12. exd4 Qe7 13. Ne5 (13. a3 Bf4 14. Rfe1 Rfd8 15. a4 Bd6 $5 {[%csl Rb4]} 16. a5 Bb4 17. axb6 axb6 18. Rxa8 Rxa8 19. Ra1 Rxa1+ 20. Bxa1 Qd8 21. Qd1 Qa8 22. Bf1 h6 23. Qc1 {1/2 (22) Bruno,F (2436)-Godena,M (2495) Boscotrecase 2014}) 13... Ba3 {The exchange of bishops is desirable for Black: it weakens White's d4-pawn and generally, simplifications are favourable for the side fighting against hanging pawns.} 14. Bxa3 (14. Bc3 Bb4 15. Bb2 Ba3 {1/2 Minev,N-Tolush,A Warsaw 1961}) 14... Qxa3 15. f4 Qb2 $1 16. Nef3 (16. Qe3 Nxe5 17. fxe5 Ng4 $1 18. Qf4 Qc3 $132) 16... dxc4 17. bxc4 Bxf3 {Too straightforward.} (17... Rad8 $5 18. a4 Nb8 19. a5 Nc6) 18. Nxf3 Qxe2 19. Bxe2 Rac8 20. a4 Rc7 $6 {Just a loss of an important tempo.} (20... Nb8 $142 $1 21. a5 Nc6 22. axb6 axb6 23. Ra6 Rfd8 24. Rd1 Ne4 {[%cal Re4c3]} 25. Bf1 Rb8 $11) 21. a5 Rd8 22. axb6 Nxb6 (22... axb6 23. Ra6 {- Black has no time to transfer his passive d7-knight to c6 anymore.}) 23. Rfc1 (23. Ra3 $142 $1 {[%cal Yf1a1]} Nxc4 $4 24. Rc3) 23... Nc8 {This knight finds some good squares now.} 24. g3 Ne7 25. Ra4 Nc6 (25... Kf8 $142 26. c5 Nfd5) 26. c5 {[%cal Ye2b5]} Nd5 27. Ne5 $1 {[%mdl 32] The exchange of knights is favourable for White, whose knight is less active.} Nde7 (27... Nxe5 28. fxe5 $14) 28. Rcc4 (28. Rd1 {was quite possible. If} Nb8 {then} 29. Bf3 f6 30. Nc4) 28... Nxe5 (28... Nb8 $5 {[%cal Yf7f6]} 29. Rc1 f6 30. Nf3 Nbc6) 29. fxe5 f6 30. exf6 gxf6 31. Bf3 e5 32. dxe5 fxe5 {[%csl Re5] Black has got another weakness in his camp, and White has a chance to outmanoeuvre him.} 33. c6 Nf5 (33... Rdc8 34. Ra5 $1 Nxc6 $2 35. Rac5) 34. Ra5 Re8 35. Rcc5 Nd4 36. Be4 Kf7 37. Kg2 Kf6 38. Ra2 Ke6 $6 {Black´s king will now be in danger, too.} (38... Rec8 $142) 39. Rca5 Ree7 (39... Rec8 40. Rxa7 Nxc6 41. R7a6 Ke7 42. Rf2 $18 {[%cal Re4h7]} Ke8 43. h4 $22) (39... Ra8 $5) 40. Rf2 Rg7 (40... Nxc6 41. Ra6 Kd7 42. Bxc6+ Rxc6 43. Rd2+ Kc7 44. Rxa7+ $18) (40... Kd6 41. Rd5+ Ke6 42. Rd8 Rg7 43. Bd5+ Ke7 44. Rff8 $18) 41. h4 h5 42. Kh2 $22 a6 (42... Rce7 43. Bd5+ Kd6 44. Rf6+ Ne6 45. c7 $18) (42... Rge7 43. Bd5+ Kd6 44. Rf6+ Ne6 45. g4 hxg4 46. Kg3 $18 {[%cal Yh4h5,Yh5h6]}) 43. Bd5+ Ke7 44. Rxa6 Kd6 45. Bg2 $1 {White has won a pawn, the rest should be a matter of technique.} (45. Be4 $143 Rg4 $1) 45... Rge7 (45... Rg6 46. Rf8) 46. Ra5 (46. Be4 $1 {was now appropriate, e.g.} Re6 47. Rf8 Nxc6 48. Rf2 $1 Rh6 49. Rc2 Kd7 {Black is totally tied up and loses after} 50. g4 $1 hxg4 51. Kg3 {etc.}) 46... Nxc6 47. Rf6+ Re6 48. Rd5+ Ke7 49. Rf5 e4 $6 {Desperation.} (49... Rh6 {was more stubborn although after} 50. Be4 {Black's position remained poor.}) 50. Rxh5 e3 51. Rh7+ Ke8 (51... Kf8 52. Rxc7 e2 53. Rf5+ Ke8 54. Bxc6+ Kd8 55. Ra7 $18) 52. Rxc7 e2 53. Bf3 $1 {The refutation of Black's idea.} e1=Q 54. Bh5+ Kf8 55. Rf5+ Kg8 56. Bf7+ $2 {[%mdl 8192] White played this move without thinking, missing a simple mate:} (56. Rc8+ Kg7 57. Rf7+ Kh6 58. Rh8#) 56... Kh8 $1 57. Rh5+ Kg7 58. Bxe6+ Kf6 {Suddenly it is not easy for White to consolidate his pieces.} 59. Rh6+ $2 (59. Bc4 $1 {was the right way but it was not easy to calculate the following variations:} Ne5 60. Rh6+ $1 Kf5 61. Bd3+ $1 Nxd3 (61... Kg4 62. Rg7+ Kf3 63. Rf6+ Ke3 64. Bf1 Nf3+ 65. Rxf3+ Kxf3 66. Bg2+ Kf2 67. Rf7+ $18) 62. Rf7+ Kg4 (62... Ke4 63. Re6+ Ne5 64. Rxe5+ Kxe5 65. Re7+ $18) 63. Rg7+ Kf3 (63... Kf5 64. Rg5+ Ke4 65. Re6+) 64. Rf6+ Ke4 65. Re6+ Ne5 66. Rxe5+ Kxe5 67. Re7+ $18) 59... Ke5 60. Bh3 (60. Rh5+ $142 Kd6 (60... Kf6 61. Bc4 $1) 61. Rxc6+ Kxc6 62. Bd5+ Kd6 63. Rf5 {cutting off Black's king.}) 60... Qd2+ 61. Bg2 Qxh6 62. Rxc6 {[%mdl 4096] This endgame is theoretically drawn.} Qh7 $6 (62... Qe3 $142) 63. Rc4 {White misses another chance to cut off Black's king and keep more winning chances:} (63. Bh3 {[%cal Yc6e6]}) 63... Kf6 64. Rg4 $6 {This cut-off is insufficient.} (64. Rc6+ Ke5 65. Bh3) 64... Qd7 {, and Black successfully held his ground:} 65. Rg5 Qc7 66. Rb5 Qc2 67. Rb6+ Kg7 68. Re6 Qa2 69. Re7+ Kf6 70. Re4 Kg7 71. Kh3 Qf7 72. Re2 Qf5+ 73. Kh2 Qf6 74. Be4 Qf1 75. Rc2 Qe1 76. Bf3 Qf1 77. Bg2 Qe1 78. Rc7+ Kh8 79. Rc4 Qe2 80. Re4 Qd2 81. Re6 Qa2 82. Re8+ Kg7 83. Re7+ Kh8 84. Re3 Qd2 85. Rf3 Qd7 86. Rb3 Qe6 87. Rb2 Qe5 88. Rf2 Qe6 89. Bf3 Qe5 90. Kg2 Qf6 91. Re2 Qd8 92. Ra2 Qf6 93. Rc2 Qe7 94. Rc6 Qd8 95. Rc2 Qe7 96. Rc8+ Kg7 97. Rc6 Kh8 98. Rh6+ Kg7 99. Rh5 Qe1 100. Rd5 Qe7 101. Rb5 Qe1 102. Rb7+ Kh8 103. Rd7 Qe8 104. Rd1 Qc8 105. Re1 Qc3 106. Rf1 Qd2+ 107. Kh3 Qd7+ 108. g4 {White finally starts moving his kingside pawns but exposes his king.} Qd3 109. Kg2 Qd2+ 110. Rf2 Qe1 111. h5 Kg7 112. Re2 Qa5 113. Re4 Kf6 114. Rf4+ Kg5 115. Rf5+ Qxf5 116. gxf5 Kxf5 117. Kg3 Kg5 118. Bg4 Kh6 119. Kh4 Kg7 120. Kg5 Kh8 121. h6 Kh7 122. Be6 Kh8 123. Kg6 1/2-1/2